Statistics for All Blacks Rugby - Unbeaten as Captain

Click here to take the quiz!

General Stats

  • This quiz has been taken 39 times
    (17 since last reset)
  • The average score is 3 of 5

Answer Stats

YearsTests as CaptainAnswer% Correct
19974Justin Marshall
94%
2017-20196Sam Whitelock
88%
1988-199014Wayne Shelford
88%
2006-20073Jerry Collins
63%
1950-19514Peter Johnstone
6%

Score Distribution

Percentile by Number Answered

Percent of People with Each Score

Your Score History

You have not taken this quiz since the last reset